| 000 | 00437nam a2200169Ia 4500 | ||
|---|---|---|---|
| 005 | 20250423094949.0 | ||
| 008 | 250422s9999 xx 000 0 und d | ||
| 020 | _a9780285504 | ||
| 050 | _aKP 127 .A3/ | ||
| 100 | _aAdegbite, Samuel Igbayilola | ||
| 245 | 0 | _aCurrent developemnts in nigeria commercial law | |
| 260 | _aAkoka, Lagos State. | ||
| 260 | _c2011 | ||
| 300 | _a345 p | ||
| 650 | _aCommercial law-nigeria. | ||
| 942 | _cBK | ||
| 999 |
_c28825 _d28825 |
||